Pràctiques de paleografia / Teresa-Maria Vinyoles
Descripción Física:
71 f. ; 30 cm
Materias:
Paleografia
MARC
| LEADER | 00000nam a2200000Ia 4500 | ||
|---|---|---|---|
| 001 | 8277 | ||
| 008 | 160829s1984 - 85 xx 000 0 cat d | ||
| 080 | |a H-1-7 | ||
| 100 | 1 | |a Vinyoles, Teresa-Maria, |d 1942- |9 34178 | |
| 245 | |a Pràctiques de paleografia / Teresa-Maria Vinyoles | ||
| 260 | |a Barcelona : |b Escola Universitària de Biblioteconomia i Documentació, |c 1984 - 85 | ||
| 300 | |a 71 f. ; |c 30 cm | ||
| 650 | |a Paleografia |9 34179 | ||
| 710 | 2 | |a Escola Universitària Jordi Rubió i Balaguer de Biblioteconomia i Documentació |9 54300 | |
| 901 | |a Arxiu | ||
| 942 | |n 1 | ||
| 952 | |0 0 |1 0 |4 0 |6 H17 |7 1 |9 46416 |a Arxiu |b Arxiu |d 2016-12-01 |l 0 |o H-1-7 |p 8277 |r 2016-12-01 00:00:00 |w 2016-12-01 |y ARXIU | ||
| 999 | |c 50201 |d 50201 | ||